Holiday Quiz

Random Holiday or Famous Quiz

What famous mothers might have said... Quiz Stats

 Plays Quiz not verified by Sporcle

Score 0/18 Timer 06:00
0 Plays Today
What mother said... Famous son or daughter % Correct
Just what is it with you and phone booths?Superman
66.9%
You children must think I'm made of money?Queen Elizabeth II
66.9%
Yes It's a nice car, Bruce, but can you afford the insurance? Batman
63.6%
Yes it's very clever darling. Now turn it off and get to bed!Thomas Edison
61.8%
Do you think this place is a hotel? Paris Hilton
59.5%
'I don't care what you've discovered. You still could have writtenChristopher Columbus
53.3%
Who died and left you 'The Boss'?Bruce Springsteen
47.5%
You can go out to play...after you've combed your hairAlbert Einstein
47%
William! Now you say you're sorry...and MEAN it! Bill Clinton
44.7%
What mother said... Famous son or daughter % Correct
I can always tell when you're lyingPinocchio
42.3%
Do you have any idea how hard it is to get that stuff off the ceiling?Michelangelo
40.5%
Call me when you get there, just so I know you're okayNeil Armstrong
40.1%
You're skating on very thin ice ! Tonya Harding
33.2%
You had better wipe that smile off your face before I do it for youMona Lisa
29%
Just where do you think you're going dressed like that, young lady?Lady Godiva
28.8%
Wait till your Father gets homeGeorge W. Bush
24.9%
What if everyone jumped off a cliff? Would you do it, too?Evel Knievel
20.3%
I'm going to give you till the count of three to spit that out Michael !Mike Tyson
18%

You're not logged in!

Compare scores with friends on all Sporcle quizzes.
OR
Log In

Show Comments

Extras

Top Quizzes Today


Score Distribution

Your Account Isn't Verified!

In order to create a playlist on Sporcle, you need to verify the email address you used during registration. Go to your Sporcle Settings to finish the process.

Report this User

Report this user for behavior that violates our Community Guidelines.

Details: